|
|
|
|
| LEADER |
00000nab a2200000 a 4500 |
| 001 |
vtls000650534 |
| 003 |
SK-MaSNL |
| 005 |
20260304083831.0 |
| 008 |
250425c xo 0 slo |
| 015 |
|
|
|a SNBRA1998/02-04472
|
| 035 |
|
|
|a CLN000002728
|
| 035 |
|
|
|a (urnnbn)urn:nbn:sk:snk:ar-006qdi
|
| 035 |
|
|
|a (uuid)e66b7b39-e714-4b47-9382-b040d5eacec0
|
| 035 |
|
|
|a urn:nbn:sk:snk-ab888m
|
| 040 |
|
|
|a SNKBUCL
|b slo
|c SNKBUCL
|e AACR2
|
| 041 |
0 |
|
|a slo
|
| 044 |
|
|
|a xo
|c SK
|
| 080 |
|
|
|a 528:05(430+436)
|2 1997
|
| 080 |
|
|
|a 05(430+436):528
|2 1997
|
| 080 |
|
|
|a 528.9
|2 1997
|
| 245 |
0 |
0 |
|a Prehľad časopisov
|
| 630 |
0 |
7 |
|a Zeitschrift für Vermessungswesen
|y 1997
|x prehľady bibliografické
|2 snkbucl
|9 1375256
|
| 630 |
0 |
7 |
|a Kartographische Nachrichten (časopis)
|y 1997
|x č. 1-3
|x prehľady bibliografické
|2 snkbucl
|9 1375257
|
| 630 |
0 |
7 |
|a Österreichische Zeitschrift für Vermessung und Geoinformation (časopis)
|y 1997
|x č. 1-2
|x prehľady bibliografické
|2 snkbucl
|9 1375258
|
| 655 |
|
7 |
|a články z novín a časopisov
|2 snkbucl
|2 snkbucl
|9 267496
|
| 773 |
0 |
|
|t Geodetický a kartografický obzor
|g Roč. 44 (86), č. 1 (1998), s. 24-25
|x 0016-7096
|
| 850 |
|
|
|a Slovenská národná knižnica
|
| 852 |
|
|
|a Slovenská národná knižnica
|
| 954 |
|
|
|a odborná, vedecká literatúra pôvodná (slovenská)
|2 lita
|
| 958 |
|
|
|a article9
|
| 958 |
|
|
|a OND
|
| 958 |
|
|
|a DE
|
| 958 |
|
|
|a AT
|
| 958 |
|
|
|a EUIPO
|
| 992 |
|
|
|a RBX
|
| 999 |
|
|
|c 2801433
|d 2803363
|